00252 a2200109 450000100060000008200140000610000230002024500280004326000430007130000100011450000180012490122 a297.4 AHM aAhmad Rafiq Akhtar aMehzar-e-TakhleeqhUrdu aLahorebSang-e-Meel Publicationsc2013 a252p. aGeneral Books